| 000 | 00915nam a2200253Ia 4500 | ||
|---|---|---|---|
| 003 | OSt | ||
| 005 | 20221005112655.0 | ||
| 006 | a|||||r|||| 00| 0 | ||
| 007 | ta | ||
| 008 | 221004b |||||||| |||| 00| 0 pan d | ||
| 020 |
_a9788173292545 (hbk) _c500 |
||
| 024 | _a6400 | ||
| 037 |
_b701, 13/06/2013, H.K. Prakashan _cTextual |
||
| 040 |
_aCRL _cCRL _bpan |
||
| 041 |
_2pan _apan |
||
| 082 | _aV236w, 153Q2 | ||
| 100 | _aਗਿਲ, ਮਹਿੰਦਰ ਸਿੰਘ | ||
| 245 | 0 |
_aਸੁਰਾ ਸੋ ਪਹਿਚਾਨੀਐ _b ਪੰਥ ਸੂਰਮਿਆਂ ਦੀ ਦਾਸਤਾਂ |
|
| 260 |
_aਦਿੱਲੀ _bFਿਲਾਲੇਖ ਭਾਰਤ _c2012 |
||
| 300 |
_a272ਪੰ _ccm. |
||
| 650 | _aਭਾਰਤੀਯ ਇਤਿਹਾਸ | ||
| 942 |
_hV236w, 153Q2 _cTEXL _2cc |
||
| 999 |
_c1025621 _d1025621 |
||